| 000 | 01460nam a22002057a 4500 | ||
|---|---|---|---|
| 999 |
_c357948 _d357948 |
||
| 003 | IT-MiCISF | ||
| 005 | 20180709115948.0 | ||
| 008 | 180709b ||||| |||| 00| 0 eng d | ||
| 040 | _cIT-MiCISF | ||
| 041 | _ait | ||
| 100 |
_aPunzi Ignazio _956042 |
||
| 245 |
_aI quattro codici della vita umana _bFilialità, maternità, paternità, fraternità |
||
| 260 |
_aCinisello B. (MI) _bSan Paolo _c2018 |
||
| 300 | _app. 172 | ||
| 500 | _afamiglia, ruoli-familiari, rapporti-familiari, rapporti-genitori-figli, rapporti-fratelli, paternità, maternità | ||
| 520 | _aLa misura del livello di interiorizzazione dei codici filiale, materno, paterno e fraterno determina il grado di armonia e maturità che abbiamo raggiunto. Per armonia e maturità intendiamo la capacità di accogliere e offrire vita, di avere cura di sé e degli altri, di nutrire la propria interiorità, di vivere tutti gli eventi in maniera evolutiva, di abitare il conflitto in maniera generativa, di elaborare le perdite, di riconciliarsi con la propria storia, di perdonare e perdonarsi, di innovarsi e rigenerarsi, di vivere la fedeltà al proprio desiderio, di sentirsi responsabili nei confronti di chi ci è accanto e dell'ambiente naturale nel quale viviamo. Questo libro offre un modello antropologico conoscitivo e operativo per stare dentro tali processi con una consapevolezza e un'interiorità nuove. | ||
| 650 |
_afamiglia _956036 |
||
| 654 | _asaggio | ||
| 942 |
_2ddc _cBK |
||